Catálogo

KWAME NKRUMAH : (Registro nro. 2237)

Detalles MARC
000 -LEADER
fixed length control field 00447nam a2200157 a 4500
001 - CONTROL NUMBER
control field 2237
005 - DATE AND TIME OF LATEST TRANSACTION
control field 20180713182231.0
008 - FIXED-LENGTH DATA ELEMENTS--GENERAL INFORMATION
fixed length control field 140415s1962 000 0 spa d
041 ## - LANGUAGE CODE
Language code of text/sound track or separate title spa
082 ## - DEWEY DECIMAL CLASSIFICATION NUMBER
Classification number 320
Item number KWA
245 00 - TITLE STATEMENT
Title KWAME NKRUMAH :
Remainder of title UN LIDER Y UN PUEBLO
260 ## - PUBLICATION, DISTRIBUTION, ETC.
Place of publication, distribution, etc. [s.l.] :
Name of publisher, distributor, etc. FONDO DE CULTURA ECONOMICA,
Date of publication, distribution, etc. 1962
300 ## - PHYSICAL DESCRIPTION
Extent 346
490 ## - SERIES STATEMENT
Series statement POPULAR TIEMPO PRESENTE
Volume/sequential designation 35
650 14 - SUBJECT ADDED ENTRY--TOPICAL TERM
Topical term or geographic name entry element AUTOBIOGRAFIA
General subdivision CIENCIAS POLITICAS
Existencias
Withdrawn status Lost status Source of classification or shelving scheme Damaged status Not for loan Collection code Home library Current library Shelving location Date acquired Source of acquisition Inventory number Total Checkouts Full call number Barcode Date last seen Price effective from Koha item type
    Dewey Decimal Classification     General Biblioteca Karol Wojtyla Biblioteca Karol Wojtyla Sala general 03/12/2013 Compra 151000000000000000052823   320 KWA 12914 05/01/2026 03/12/2013 Libro